| 000 | 00354nam a22000977a 4500 | ||
|---|---|---|---|
| 082 |
_a348.5491046 _bPAK |
||
| 245 |
_aPakistan Annual Law Digest 1983: _ba yearly publications containing digest of cases and statutes reported in all the legal journals during the year / |
||
| 260 |
_aLahore : _bPLD Publishers, _c1983. |
||
| 300 | _avolume | ||
| 942 |
_2ddc _cCR _s1 |
||
| 999 |
_c593108 _d593108 |
||